Statistics for Movies Set in Italy

Click here to take the quiz!

General Stats

  • This quiz has been taken 122 times
  • The average score is 9 of 20

Answer Stats

DescriptionMovie% Correct
Italian woodworker makes a dishonest marionettePinocchio
96%
Former general becomes a slave who must battle for his life in the Roman ColosseumGladiator
95%
When two young members of feuding families meet, forbidden love ensuesRomeo and Juliet
89%
Aging patriarch of an organized crime dynasty transfers control to his reluctant sonThe Godfather
86%
Gladiator sparks a massive slave revolt in ancient RomeSpartacus
76%
Jewish man from Italy concocts an elaborate lie to protect his son from
the horrors of a concentration camp
Life is Beautiful
66%
A symbologist tries his best to stop a secret society from destroying Vatican CityAngels and Demons
44%
A bored princess falls in love with an American newsmanRoman Holiday
44%
Following the events of Avengers: Endgame, Spider-Man must step up to take on
new threats in a world that has changed forever
Spider-Man:
Far From Home
39%
All a small town has is a movie theatre in early 20th centuryCinema Paradiso
37%
Gay young fraudster of the 1950's goes to Italy and steals a rich man's identityThe Talented Mr. Ripley
37%
In Italy's 1983 summer, a young boy falls in love with his father's doctoral studentCall Me by Your Name
36%
Philandering paparazzo journalist living in Rome in a fruitless search for loveLa Dolce Vita
24%
American woman buys a villa in a famous Italian regionUnder the Tuscan Sun
22%
Young English lady gets engaged in a love affair during a trip to FlorenceA Room with a View
20%
Foreigner woman convinces a foreigner man on a train to Venice that he
is her lover who is wanted by the police
The Tourist
18%
Teenage boy gets smitten a sensual woman living in a small town during WWIIMalèna
17%
Exhausted film director is in relationship with his wife, his mistress and his agentNine
12%
Billionaire shows no pity for his grandson being kidnapped in Rome... but does he?All the Money in
the World
9%
A rich man and a penniless prostitute share lives in immediate post WWII ItalyMarriage Italian Style
4%

Score Distribution

Percentile by Number Answered

Percent of People with Each Score

Your Score History

You have not taken this quiz